00540 2200193 4500001002100000005001500021035002000036008004100056245007700097100002100174250001100195260004100206300002900247020001500276084001600291082001000307650001500317990001400332INLIS00000000000008820260413042053 a0010-0317000086260413 0 1 aA Comprehensive guide to the hazardous properties of chemical substances aPatnaik, Pradyot a2nd ed aNew York :bJohn Wiley & Sons,c1999 axxiii, 984 hlm. ;c25 cm a0471291757 a615.9 Pat c a615.9 aTOXICOLOGY a076307212